Top30 - Pays consommant le plus de viandes par habitant - Statistiques

Statistiques générales
  • Ce quiz a été pris 97 fois
  • Le résultat moyen est 10 sur 30
Statistiques - réponses
Hint Réponse % Correct
29 France ❙❙❙❙❙❙❙❙❙❙❙❙❙❙❙❙❙❙❙ 115,2 kg
99%
9 États-Unis d'Amérique ❙❙❙❙❙❙❙❙❙❙❙❙❙❙❙❙❙❙❙❙❙❙❙❙ 143,8 kg
94%
8 Espagne ❙❙❙❙❙❙❙❙❙❙❙❙❙❙❙❙❙❙❙❙❙❙❙❙ 144,0 kg
88%
5 Portugal ❙❙❙❙❙❙❙❙❙❙❙❙❙❙❙❙❙❙❙❙❙❙❙❙❙ 150,6 kg
73%
21 Argentine ❙❙❙❙❙❙❙❙❙❙❙❙❙❙❙❙❙❙❙❙ 120,7 kg
72%
14 Australie ❙❙❙❙❙❙❙❙❙❙❙❙❙❙❙❙❙❙❙❙❙❙❙ 136,7 kg
70%
30 Nouvelle-Zélande ❙❙❙❙❙❙❙❙❙❙❙❙❙❙❙❙❙❙❙ 112,3 kg
52%
20 Norvège ❙❙❙❙❙❙❙❙❙❙❙❙❙❙❙❙❙❙❙❙ 121,6 kg
42%
12 Corée du Sud ❙❙❙❙❙❙❙❙❙❙❙❙❙❙❙❙❙❙❙❙❙❙❙ 139,2 kg
33%
27 Luxembourg ❙❙❙❙❙❙❙❙❙❙❙❙❙❙❙❙❙❙❙ 116,2 kg
30%
2 Islande ❙❙❙❙❙❙❙❙❙❙❙❙❙❙❙❙❙❙❙❙❙❙❙❙❙❙❙❙❙❙ 177,0 kg
29%
13 Israel ❙❙❙❙❙❙❙❙❙❙❙❙❙❙❙❙❙❙❙❙❙❙❙ 137,5 kg
28%
4 Samoa ❙❙❙❙❙❙❙❙❙❙❙❙❙❙❙❙❙❙❙❙❙❙❙❙❙❙ 153,4 kg
27%
16 Tuvalu ❙❙❙❙❙❙❙❙❙❙❙❙❙❙❙❙❙❙❙❙❙❙ 132,5 kg
27%
25 Croatie ❙❙❙❙❙❙❙❙❙❙❙❙❙❙❙❙❙❙❙❙ 118,1 kg
23%
3 Îles Marshall ❙❙❙❙❙❙❙❙❙❙❙❙❙❙❙❙❙❙❙❙❙❙❙❙❙❙❙❙ 168,4 kg
23%
26 Kiribati ❙❙❙❙❙❙❙❙❙❙❙❙❙❙❙❙❙❙❙❙ 116,6 kg
23%
15 Mongolie ❙❙❙❙❙❙❙❙❙❙❙❙❙❙❙❙❙❙❙❙❙❙ 133,3 kg
23%
1 Tonga ❙❙❙❙❙❙❙❙❙❙❙❙❙❙❙❙❙❙❙❙❙❙❙❙❙❙❙❙❙❙ 178,8 kg
23%
22 Taiwan ❙❙❙❙❙❙❙❙❙❙❙❙❙❙❙❙❙❙❙❙ 120,6 kg
22%
10 Nauru ❙❙❙❙❙❙❙❙❙❙❙❙❙❙❙❙❙❙❙❙❙❙❙❙ 142,3 kg
20%
23 Malaisie ❙❙❙❙❙❙❙❙❙❙❙❙❙❙❙❙❙❙❙❙ 120,3 kg
16%
11 Bahamas ❙❙❙❙❙❙❙❙❙❙❙❙❙❙❙❙❙❙❙❙❙❙❙ 139,3 kg
13%
6 Antigua-et-Barbuda ❙❙❙❙❙❙❙❙❙❙❙❙❙❙❙❙❙❙❙❙❙❙❙❙❙ 148,7 kg
11%
28 Grenade ❙❙❙❙❙❙❙❙❙❙❙❙❙❙❙❙❙❙❙ 115,8 kg
11%
24 Maldives ❙❙❙❙❙❙❙❙❙❙❙❙❙❙❙❙❙❙❙❙ 118,9 kg
11%
19 Sainte-Lucie ❙❙❙❙❙❙❙❙❙❙❙❙❙❙❙❙❙❙❙❙❙ 126,1 kg
11%
7 Saint-Vincent-et-les-Grenadines ❙❙❙❙❙❙❙❙❙❙❙❙❙❙❙❙❙❙❙❙❙❙❙❙❙ 146,7 kg
11%
18 Saint-Christophe-et-Niévès ❙❙❙❙❙❙❙❙❙❙❙❙❙❙❙❙❙❙❙❙❙ 128,1 kg
10%
17 Barbades ❙❙❙❙❙❙❙❙❙❙❙❙❙❙❙❙❙❙❙❙❙❙ 131,5 kg
6%
Aucun quiz correspondant
Distribution des résultats
% des personnes avec chaque résultat
Percentile par nombre de réponses
Votre historique - résultats
Vous n’avez pas pris ce quiz